000 00787nam a2200277 4500
003 OSt
005 20260601193838.0
008 260422b2005 si a|||| |||| 00| 0 eng d
020 _a2880468329
040 _aICI
_bspa
_cICI
041 _aSPA
050 1 _aNK2395
_bB93 2001
100 1 _aByars, Mel
245 1 _aThe Best Tables Chairs Lignts
_binnovation and invention in design products for the home
_c Mel Byars
264 _bRotoVision
_c2001
_a Switzerland
300 _a448 páginas
_b ilustraciones
336 _atexto
_2rdacontent
337 _asin medio
_2rdamedia
338 _avolumen
_2rdacarrier
500 _aDedicado / Firmado por Josef Albers
650 _aMesas
650 _aSillas
650 _aLámparas
650 _aDiseño de muebles
942 _2ddc
_cB
999 _c21314
_d21314